| 000 | 00646nam a2200205 i 4500 | ||
|---|---|---|---|
| 001 | 107858 | ||
| 003 | ES-MaACL | ||
| 005 | 20230906184517.0 | ||
| 007 | t| | ||
| 008 | 061121s1965 sp r ||||1| spa d | ||
| 100 | 1 |
_aMounic, Marcel. _983873 |
|
| 245 | 1 | 0 |
_aTrabajos prácticos de electrónica (3º serie) / _cM. Mounic, J. Ricard; traducción por José Mª Montesó Vidal. |
| 250 | _a1º. ed. | ||
| 260 |
_aBarcelona : _bJosé Montesó, _c1965. |
||
| 300 |
_a102 p. ; _c22 cm. |
||
| 650 | 4 |
_aElectrónica. _912165 |
|
| 700 | 1 |
_aRicard, J. _996850 |
|
| 700 | 1 |
_aMontesó Vidal, José María. _982606 |
|
| 852 |
_aES-MaACL _jC-30290 _bR.60768 |
||
| 999 |
_c107858 _d107858 |
||